| 000 | 00528nam a2200181Ia 4500 | ||
|---|---|---|---|
| 005 | 20250326141123.0 | ||
| 008 | 250326s9999 xx 000 0 und d | ||
| 037 | _aTextbook | ||
| 040 |
_aFMSL _beng _cFMSL |
||
| 041 |
_aeng _2eng |
||
| 084 |
_aT(X:8) N6 _qFMSL |
||
| 100 |
_aAmdam R P _9743759 |
||
| 245 | 0 |
_aManagement education and competitiveness: Europe, Japan and the United State _cAmdam R P |
|
| 260 |
_aNY _bNY, Routledge _c1996 |
||
| 300 | _a282p | ||
| 942 |
_cTB _hT(X:8) N6 |
||
| 999 |
_c1288789 _d1288789 |
||